[Event "Saint Affrique-Bordeaux ASPOM"]
[Site "Bordeaux"]
[Date "2007.12.16"]
[Round "4.6"]
[White "Maghrabi, Yvan"]
[Black "Pous, Vincent"]
[Result "0-1"]
[WhiteElo "2072"]
[BlackElo "2063"]
[PlyCount "96"]
[EventDate "2007.12.16"]
[WhiteTeam "Bordeaux A.S.P.O.M."]
[BlackTeam "Saint Affrique"]

1. e4 c5 2. Nf3 Nc6 3. Bb5 g6 4. Bxc6 dxc6 5. d3 Bg7 6. h3 e5 7. Nc3 Qe7 8. Be3
Nf6 9. Qd2 Nd7 10. Bh6 f6 11. O-O Nf8 12. Nh2 Ne6 13. Bxg7 Qxg7 14. Ne2 g5 15.
c3 Nf4 16. d4 Be6 17. Nxf4 gxf4 18. dxc5 Bxh3 19. f3 Rd8 20. Qe2 Rg8 21. Rf2 h5
22. Kh1 Be6 23. Rd1 Ke7 24. b3 h4 25. Rxd8 Rxd8 26. Qc2 h3 27. Nf1 Rh8 28. Kg1
Qh6 29. Qd2 Rd8 30. Qc2 hxg2 31. Rxg2 Bh3 32. Rh2 Rg8+ 33. Kh1 Qg6 34. Qf2 Bxf1
35. Qxf1 Qg7 36. Rh3 Rh8 37. Rxh8 Qxh8+ 38. Kg1 Qg7+ 39. Kf2 Qg3+ 40. Ke2 Qh2+
41. Kd3 Qxa2 42. Qh3 Qxb3 43. Qc8 Qe6 44. Qh8 b5 45. Kc2 a5 46. Qh7+ Qf7 47.
Qf5 a4 48. Qc8 Qe6 0-1

[Event "Saint Affrique-Bordeaux ASPOM"]
[Site "Bordeaux"]
[Date "2007.12.16"]
[Round "4.7"]
[White "Pech, Gilles"]
[Black "Calas, Bernard"]
[Result "1/2-1/2"]
[WhiteElo "2077"]
[BlackElo "2161"]
[PlyCount "57"]
[EventDate "2007.12.16"]
[WhiteTeam "Saint Affrique"]
[BlackTeam "Bordeaux A.S.P.O.M."]

1. d4 g6 2. c4 Bg7 3. Nc3 d6 4. e4 Nc6 5. Be3 e5 6. Nge2 exd4 7. Nxd4 Nge7 8.
Be2 O-O 9. O-O f5 10. exf5 Bxd4 11. Bxd4 Nxf5 12. Be3 Nxe3 13. fxe3 Rxf1+ 14.
Qxf1 Be6 15. Ne4 Qe7 16. Qf6 Qxf6 17. Nxf6+ Kg7 18. Rf1 Rf8 19. Ne4 Re8 20. Nf6
Rf8 21. Ne4 Rxf1+ 22. Kxf1 Ne5 23. b3 Bf5 24. Nc3 c6 25. h3 h5 26. Ke1 Kf6 27.
Kd2 Kg5 28. Ke1 Kf6 29. Kd2 1/2-1/2

[Event "Saint Affrique-Bordeaux ASPOM"]
[Site "Bordeaux"]
[Date "2007.12.16"]
[Round "4.8"]
[White "Garma, Jovanka"]
[Black "Vignette, Jeanne"]
[Result "1-0"]
[WhiteElo "1738"]
[BlackElo "1610"]
[PlyCount "89"]
[EventDate "2007.12.16"]
[WhiteTeam "Bordeaux A.S.P.O.M."]
[BlackTeam "Saint Affrique"]

1. e4 e6 2. Nc3 d5 3. d3 c5 4. f4 d4 5. Nce2 Nc6 6. Nf3 Qb6 7. g3 Nf6 8. Bg2
Ng4 9. h3 Ne3 10. Bxe3 dxe3 11. Rb1 Qa5+ 12. Nc3 Nd4 13. O-O b5 14. Ne2 Qb6 15.
c3 Nxe2+ 16. Qxe2 Bb7 17. Qxe3 c4 18. d4 Be7 19. f5 Qc6 20. Rbe1 b4 21. fxe6
Qxe6 22. Ng5 Bxg5 23. Qxg5 f6 24. Qxg7 Rb8 25. Qxh8+ Ke7 26. Qxb8 Qb6 27. e5
bxc3 28. Qxb7+ Qxb7 29. Bxb7 cxb2 30. exf6+ Kf7 31. Re7+ Kf8 32. Rc7 c3 33.
Rxc3 Kf7 34. Re3 b1=Q 35. Rxb1 Kxf6 36. Rb5 Kg6 37. g4 h5 38. Re6+ Kg7 39. gxh5
a5 40. h6+ Kh7 41. Rc5 Kg8 42. Rd6 Kf7 43. Rc7+ Ke8 44. Bc6+ Kf8 45. Rd8# 1-0

[Event "Ramonville-Tournefeuille"]
[Site "Tournefeuille"]
[Date "2007.12.16"]
[Round "4.2"]
[White "Serafimov, Tervel"]
[Black "Franca, Ricardo Bedin"]
[Result "1-0"]
[WhiteElo "2379"]
[BlackElo "2215"]
[PlyCount "109"]
[EventDate "2007.12.16"]

1. c4 c6 2. Nf3 d5 3. d4 Nf6 4. Qc2 g6 5. Bf4 Bg7 6. e3 O-O 7. Nc3 Be6 8. Qb3
Qb6 9. c5 Qxb3 10. axb3 Nbd7 11. h3 h6 12. b4 a6 13. Nd2 g5 14. Bh2 Bf5 15. f3
Bh7 16. Nb3 Rfe8 17. Kd2 e5 18. Bd3 Bxd3 19. Kxd3 Nh7 20. g4 Nhf8 21. Rhe1 Ne6
22. Bg3 Rf8 23. Rf1 f5 24. Ne2 f4 25. exf4 gxf4 26. Bh4 Rae8 27. Rae1 Rf7 28.
Kd2 e4 29. fxe4 dxe4 30. Nc3 e3+ 31. Kd3 Ndf8 32. Ne4 Ng6 33. Nd6 Rff8 34. Nf5
Nxh4 35. Nxh4 Ng5 36. Ng6 Nxh3 37. Nxf8 Rxf8 38. Ke2 Rd8 39. Rf3 Nf2 40. Rxf4
Re8 41. Kf3 Nd3 42. Rxe3 Ne1+ 43. Ke2 Rxe3+ 44. Kxe3 Ng2+ 45. Ke4 Nxf4 46. Kxf4
Kf7 47. Kf5 Bf6 48. Na5 Bxd4 49. Nxb7 Ke7 50. Na5 Kd7 51. Nc4 a5 52. bxa5 Bxc5
53. Kg6 Bf8 54. Kf7 Be7 55. Nb6+ 1-0

[Event "Ramonville-Tournefeuille"]
[Site "Tournefeuille"]
[Date "2007.12.16"]
[Round "4.3"]
[White "Bedos, Michel"]
[Black "Sanchez, Nicolas"]
[Result "1/2-1/2"]
[WhiteElo "2286"]
[BlackElo "2201"]
[PlyCount "192"]
[EventDate "2007.12.16"]

1. d4 Nf6 2. Nf3 g6 3. g3 Bg7 4. Bg2 O-O 5. O-O c6 6. a4 a5 7. Re1 d5 8. c4 Na6
9. cxd5 cxd5 10. Nc3 Nb4 11. Bg5 Bf5 12. Rc1 Ne4 13. Qb3 Nxg5 14. Nxg5 e6 15.
Nf3 Bh6 16. Ne5 Bxc1 17. Rxc1 f6 18. Nf3 Rc8 19. Nh4 Qb6 20. Nxf5 gxf5 21. e3
Rf7 22. Rd1 Qc7 23. Bf1 Rg7 24. Re1 Kh8 25. Qd1 Qc6 26. Bb5 Qd6 27. Bf1 Na6 28.
Ne2 Rgc7 29. Nf4 Nb8 30. Qh5 Rg7 31. Bd3 Nd7 32. Rd1 Nf8 33. Qh3 Qe7 34. Nh5
Rg6 35. Nf4 Rg8 36. Qh6 Qg7 37. Qh3 Qg4 38. Qf1 Qg7 39. Qh3 Qg4 40. Qf1 Rc7 41.
Be2 Qg7 42. Bd3 Qd7 43. Bb5 Qe7 44. Qh3 Ng6 45. Nh5 Rgc8 46. Qf1 Rc2 47. Rb1
Qc7 48. Qh3 Qf7 49. Qf1 Ne5 50. dxe5 Qxh5 51. exf6 Qf7 52. Qe1 b6 53. b4 R2c3
54. bxa5 bxa5 55. Bd7 Qxf6 56. Bxc8 Rxc8 57. Qxa5 Qe5 58. Qd2 Rc4 59. Qd1 Qc7
60. Qb3 Kg7 61. Qb5 Kf6 62. a5 Rc2 63. Qb6 Qc4 64. a6 Qe2 65. Rf1 Ra2 66. Qd8+
Ke5 67. a7 Qa6 68. Qc7+ Kf6 69. Qxh7 Qxa7 70. Qh6+ Ke5 71. h4 Qa6 72. Qf4+ Kf6
73. Rc1 Qe2 74. Kg2 Rc2 75. Rb1 Rc4 76. Qf3 Qxf3+ 77. Kxf3 d4 78. exd4 Rxd4 79.
Rb2 Ra4 80. Kg2 Kg6 81. Re2 Kf6 82. Kh3 Ra3 83. Re3 Ra2 84. f3 f4 85. gxf4 Kf5
86. Kg3 Ra1 87. Re5+ Kf6 88. Rg5 Rg1+ 89. Kh2 Ra1 90. h5 Ra7 91. Kg3 Rb7 92.
Kg4 Rb4 93. h6 Rb7 94. Kh5 Rb1 95. Ra5 Rh1+ 96. Kg4 Rg1+ 1/2-1/2

[Event "Ramonville-Tournefeuille"]
[Site "Tournefeuille"]
[Date "2007.12.16"]
[Round "4.4"]
[White "Lacroix, Romain"]
[Black "Gachon, Lionel"]
[Result "0-1"]
[WhiteElo "2170"]
[BlackElo "2282"]
[PlyCount "90"]
[EventDate "2007.12.16"]

1. e4 g6 2. d4 Bg7 3. Nc3 d6 4. Be3 a6 5. Qd2 b5 6. a4 b4 7. Nce2 a5 8. Ng3 h5
9. Bd3 h4 10. N3e2 Nf6 11. Nf3 Bb7 12. e5 Ne4 13. Bxe4 Bxe4 14. e6 f6 15. d5 h3
16. Rg1 hxg2 17. Rxg2 Bxf3 18. Rxg6 Bf8 19. Qd3 Bxe2 20. Kxe2 Qc8 21. c4 bxc3
22. bxc3 Qa6 23. c4 Nc6 24. dxc6 Qxc6 25. Rb1 Qxa4 26. Rb7 Kd8 27. Rg1 Kc8 28.
Rgb1 Rh4 29. f4 Rxh2+ 30. Bf2 Qe8 31. Qb3 Qh5+ 32. Kd3 Qf5+ 33. Ke2 Qxe6+ 34.
Kf3 Qh3+ 35. Ke2 Qxb3 36. R7xb3 Bh6 37. f5 Bf4 38. Kf3 Be5 39. Be3 Kd7 40. Ra3
e6 41. fxe6+ Kxe6 42. Rb5 f5 43. Raxa5 Rah8 44. Bf2 R8h3+ 45. Ke2 Rc3 0-1

[Event "Ramonville-Tournefeuille"]
[Site "Tournefeuille"]
[Date "2007.12.16"]
[Round "4.5"]
[White "Bolon, Karelle"]
[Black "Garrel, Alain"]
[Result "0-1"]
[WhiteElo "2103"]
[BlackElo "2157"]
[PlyCount "62"]
[EventDate "2007.12.16"]

1. d4 Nf6 2. Bg5 d6 3. Bxf6 exf6 4. e3 f5 5. Bd3 g6 6. Ne2 Nd7 7. c4 Bg7 8.
Nbc3 Nf6 9. Rc1 c6 10. b4 O-O 11. O-O Re8 12. Qc2 Qe7 13. d5 cxd5 14. cxd5 Bd7
15. Qb3 Ng4 16. Bb5 Bh6 17. Nf4 Qh4 18. h3 Nxe3 19. g3 Qe7 20. Bxd7 Nxf1 21.
Bxe8 Nxg3 22. Bxf7+ Kxf7 23. Qc4 Ne4 24. Nce2 Bxf4 25. Nxf4 Qg5+ 26. Ng2 Re8
27. Rc2 Nd2 28. Qc7+ Re7 29. Qc3 Re1+ 30. Kh2 Nf1+ 31. Kh1 Ng3+ 0-1

[Event "Ramonville-Tournefeuille"]
[Site "Tournefeuille"]
[Date "2007.12.16"]
[Round "4.6"]
[White "Faure, Nicolas"]
[Black "Constantin, David"]
[Result "0-1"]
[WhiteElo "2054"]
[BlackElo "2082"]
[PlyCount "76"]
[EventDate "2007.12.16"]

1. e4 c5 2. Nf3 d6 3. d4 cxd4 4. Nxd4 Nf6 5. Nc3 a6 6. Be3 Ng4 7. Bg5 h6 8. Bh4
g5 9. Bg3 Bg7 10. h3 Ne5 11. Nf5 Bxf5 12. exf5 Nbc6 13. Nd5 Rc8 14. Be2 Nd7 15.
O-O Nf6 16. c3 Qa5 17. Bc4 Ne5 18. Bxe5 dxe5 19. Nxf6+ Bxf6 20. Bb3 O-O 21. Qh5
Kg7 22. Rad1 e4 23. Qg4 e3 24. fxe3 Qe5 25. e4 Rcd8 26. Bd5 b5 27. Rde1 b4 28.
Rf3 Rxd5 29. cxb4 Rd2 30. Ra3 Qxb2 31. Rxa6 Qxb4 32. e5 Qc5+ 33. Kh1 Bxe5 34.
Qe4 Bf6 35. Rc6 Qa5 36. Re3 Qxa2 37. Kh2 Qb2 38. Rc7 Qb8 0-1

[Event "Ramonville-Tournefeuille"]
[Site "Tournefeuille"]
[Date "2007.12.16"]
[Round "4.7"]
[White "Daloz, Jean Michel"]
[Black "Laurain, Dominique"]
[Result "1-0"]
[WhiteElo "2175"]
[BlackElo "2027"]
[PlyCount "71"]
[EventDate "2007.12.16"]

1. d4 Nf6 2. Nf3 g6 3. c4 Bg7 4. Nc3 d5 5. e3 O-O 6. Qb3 c6 7. Bd2 a5 8. Rc1 a4
9. Qd1 Ne4 10. cxd5 cxd5 11. a3 Bg4 12. Bb5 e5 13. dxe5 Nc6 14. Be2 Be6 15. O-O
Nxe5 16. Nd4 Nxd2 17. Qxd2 Qa5 18. Rfd1 Rfd8 19. Ncb5 Qxd2 20. Rxd2 Nc4 21.
Rdc2 Rac8 22. Kf1 Be5 23. Ke1 Bxh2 24. Nxe6 fxe6 25. g3 e5 26. Bxc4 dxc4 27.
Rxc4 Rxc4 28. Rxc4 Rd3 29. Ke2 Rb3 30. Rb4 Rxb4 31. axb4 g5 32. Kf3 Kf7 33.
Nd6+ Ke6 34. Nxb7 Kd5 35. Na5 Kd6 36. e4 1-0

[Event "Ramonville-Tournefeuille"]
[Site "Tournefeuille"]
[Date "2007.12.16"]
[Round "4.8"]
[White "Cwiek, Perrine"]
[Black "Iwanesko, Alexandre"]
[Result "0-1"]
[WhiteElo "1766"]
[BlackElo "2012"]
[PlyCount "50"]
[EventDate "2007.12.16"]

1. e4 c5 2. Nf3 e6 3. d4 cxd4 4. Nxd4 a6 5. Nc3 Qc7 6. a3 Nf6 7. Be3 b5 8. f3
Bb7 9. Be2 d5 10. exd5 Nxd5 11. Nxd5 Bxd5 12. O-O Bd6 13. f4 Qb7 14. Bf3 Be7
15. Qd3 Bxf3 16. Rxf3 Bf6 17. Rd1 O-O 18. Rh3 g6 19. f5 exf5 20. Nxf5 Nc6 21.
Qd7 Qxd7 22. Nh6+ Kg7 23. Rxd7 Ne5 24. Rd6 Nc4 25. Rd7 Nxe3 0-1

[Event "Nice-Montpellier II"]
[Site "Nice"]
[Date "2007.12.16"]
[Round "4.1"]
[White "Bujisho, Benjamin"]
[Black "Jones, Gawain"]
[Result "1/2-1/2"]
[WhiteElo "2373"]
[BlackElo "2567"]
[PlyCount "108"]
[EventDate "2007.12.16"]

1. d4 Nf6 2. Nf3 g6 3. c4 Bg7 4. Nc3 O-O 5. e4 d6 6. h3 Qe8 7. Bg5 Na6 8. Bd3
e5 9. d5 Nh5 10. g4 Nf4 11. Bxf4 exf4 12. Rg1 Nc5 13. Qe2 a6 14. Rc1 f5 15.
gxf5 Bxf5 16. Ng5 h6 17. Bb1 Bd7 18. Nf3 Bxh3 19. e5 Bf5 20. Bxf5 Rxf5 21. e6
a5 22. Nb5 Rc8 23. Qc2 Rf6 24. Kd2 g5 25. Nxg5 hxg5 26. Rxg5 Rh6 27. Rcg1 Rh7
28. Nd4 c6 29. Nf5 Rc7 30. Nxd6 Qf8 31. Nf7 cxd5 32. cxd5 Nxe6 33. Qxh7+ Kxh7
34. Rh5+ Bh6 35. Rxh6+ Qxh6 36. Nxh6 Rd7 37. Ng4 Rxd5+ 38. Ke2 Rf5 39. Rd1 Rb5
40. b3 Kg6 41. Rd7 b6 42. Rd6 Kf7 43. Nh2 Ke7 44. Rd2 Rb4 45. Nf3 b5 46. Kd3 a4
47. Kc3 Re4 48. Nd4 Nxd4 49. Rxd4 Re2 50. Rxf4 Rxa2 51. bxa4 Rxa4 52. Rxa4 bxa4
53. Kb4 Kd6 54. Kxa4 Ke5 1/2-1/2

[Event "Nice-Montpellier II"]
[Site "Nice"]
[Date "2007.12.16"]
[Round "4.2"]
[White "Anic, Darko"]
[Black "Suarez Real, Alberto"]
[Result "0-1"]
[WhiteElo "2449"]
[BlackElo "2394"]
[PlyCount "64"]
[EventDate "2007.12.16"]

1. Nf3 Nf6 2. c4 g6 3. g3 Bg7 4. Bg2 O-O 5. O-O d6 6. d4 Nbd7 7. Nc3 e5 8. e4
exd4 9. Nxd4 Re8 10. Re1 a6 11. f4 c6 12. Nb3 a5 13. a4 Ng4 14. Qxg4 Qb6+ 15.
Be3 Qxb3 16. Qe2 Nf6 17. Ra3 Qb4 18. Rc1 Ng4 19. Nd1 Nxe3 20. Qxe3 d5 21. e5
dxc4 22. Qe2 f6 23. Rxc4 Qb6+ 24. Nf2 fxe5 25. Re4 Bf5 26. Ree3 Re7 27. g4 Be6
28. fxe5 Rae8 29. Qc2 Kh8 30. Rad3 Bg8 31. Bf3 Bxe5 32. Kg2 Qxb2 0-1

[Event "Nice-Montpellier II"]
[Site "Nice"]
[Date "2007.12.16"]
[Round "4.3"]
[White "Gachet, Sebastien"]
[Black "Touzane, Olivier"]
[Result "1/2-1/2"]
[WhiteElo "2284"]
[BlackElo "2325"]
[PlyCount "132"]
[EventDate "2007.12.16"]

1. e4 e6 2. d4 d5 3. e5 c5 4. c3 Nc6 5. Nf3 Qb6 6. a3 Nh6 7. b4 cxd4 8. cxd4
Nf5 9. Bb2 Be7 10. Bd3 a5 11. Bxf5 exf5 12. Nc3 Be6 13. b5 Na7 14. a4 Qd8 15.
O-O Nc8 16. Ba3 Nb6 17. Nd2 Rc8 18. Ne2 O-O 19. Nf4 Rc3 20. Bb2 Rc7 21. Qf3 Bb4
22. Nb1 Qc8 23. Ba3 Rc4 24. Qe3 Bxa3 25. Rxa3 Rxa4 26. Rxa4 Nxa4 27. Nh5 f4 28.
Qxf4 Qc2 29. Re1 Qg6 30. Ng3 Nb2 31. Qd2 Nc4 32. Qe2 Qg5 33. Rf1 Qf4 34. Qd3 a4
35. Ne2 Qf5 36. Qd1 a3 37. Nbc3 Ra8 38. Na2 g6 39. h3 f6 40. exf6 Qxf6 41. Nec3
Kg7 42. Re1 Rf8 43. Qe2 Bf7 44. Qd3 Qd6 45. Nb1 Be8 46. Nbc3 Bd7 47. Qb1 Qf6
48. Qc2 Qd6 49. Re2 Bf5 50. Qd1 Rf7 51. Re8 Bd7 52. Re2 Rf4 53. Re1 Rf5 54. Qe2
Rf7 55. Kh1 b6 56. Kg1 Bc8 57. Kh1 Bb7 58. f3 Qf6 59. Qf2 Nb2 60. Qe3 Nc4 61.
Qf2 Nd6 62. Nb4 Ne4 63. Qe3 Ng3+ 64. Kg1 Nf5 65. Qe5 Nxd4 66. Qxf6+ Rxf6
1/2-1/2

[Event "Nice-Montpellier II"]
[Site "Nice"]
[Date "2007.12.16"]
[Round "4.4"]
[White "Zharkov, Hleb"]
[Black "Bes, Stephane"]
[Result "1/2-1/2"]
[WhiteElo "2239"]
[BlackElo "2134"]
[PlyCount "38"]
[EventDate "2007.12.16"]

1. d4 Nf6 2. Bg5 Ne4 3. Bf4 d5 4. e3 c5 5. dxc5 Nc6 6. Bd3 Nxc5 7. Nc3 a6 8.
Nf3 Bg4 9. Be2 e6 10. a3 Be7 11. O-O Bf5 12. b4 Ne4 13. Nxe4 Bxe4 14. c4 O-O
15. Bd3 Bxd3 16. Qxd3 dxc4 17. Qxc4 Rc8 18. Rfd1 Qb6 19. Rac1 Na7 {
suite illisible} 1/2-1/2

[Event "Nice-Montpellier II"]
[Site "Nice"]
[Date "2007.12.16"]
[Round "4.5"]
[White "Oliveira, Sancho"]
[Black "Hamdouchi, Adina Maria"]
[Result "1/2-1/2"]
[WhiteElo "2212"]
[BlackElo "2306"]
[PlyCount "120"]
[EventDate "2007.12.16"]

1. e4 g6 2. d4 Bg7 3. Nc3 c6 4. f4 d5 5. e5 Nh6 6. Nf3 Bg4 7. Be2 f6 8. Be3 O-O
9. O-O Nd7 10. h3 Bxf3 11. Bxf3 e6 12. Ne2 fxe5 13. fxe5 Nf5 14. Bf2 c5 15. c3
Bh6 16. Bg4 cxd4 17. cxd4 Rc8 18. Qd3 Qc7 19. Nc3 Qc4 20. Rad1 a6 21. Bf3 Nb6
22. g4 Ne7 23. Bh4 Qxd3 24. Rxd3 g5 25. Bg3 Ng6 26. Be2 Rxf1+ 27. Kxf1 Bf8 28.
Bf3 Ne7 29. Be1 Nc6 30. b3 Nb4 31. Rd1 Nc2 32. Rc1 Nxd4 33. Bg2 Nd7 34. Bd2
Nxe5 35. Nxd5 Nec6 36. Nf6+ Kg7 37. Bxg5 Ba3 38. Re1 Rf8 39. Bxc6 Nxc6 40. Kg2
Rxf6 41. Bxf6+ Kxf6 42. Rd1 b5 43. Rd7 Be7 44. g5+ Kf7 45. h4 a5 46. Rb7 b4 47.
Kf3 Ke8 48. Ke4 Nd8 49. Ra7 Nc6 50. Rc7 Nd8 51. Ra7 Nc6 52. Ra8+ Nd8 53. Rxa5
Kf7 54. Ra7 Kf8 55. Rc7 Nf7 56. Rc8+ Kg7 57. Kf3 Ne5+ 58. Ke4 Nf7 59. Kf3 Ne5+
60. Ke4 Nf7 1/2-1/2

[Event "Nice-Montpellier II"]
[Site "Nice"]
[Date "2007.12.16"]
[Round "4.6"]
[White "Flear, Christine"]
[Black "Bramme, Isabelle"]
[Result "1-0"]
[WhiteElo "2149"]
[BlackElo "2004"]
[PlyCount "67"]
[EventDate "2007.12.16"]

1. d4 Nf6 2. c4 e6 3. a3 b6 4. Nc3 Bb7 5. d5 e5 6. Nf3 d6 7. e4 a5 8. Rb1 Be7
9. Bd3 O-O 10. O-O Nbd7 11. Re1 h6 12. b4 Nh7 13. g3 Ng5 14. h4 Nxf3+ 15. Qxf3
Nf6 16. Nd1 h5 17. Ne3 axb4 18. axb4 g6 19. Bb2 Bc8 20. Ra1 Rb8 21. Ra7 Ng4 22.
Nxg4 Bxg4 23. Qe3 g5 24. f3 Bh3 25. hxg5 Bxg5 26. f4 Bh6 27. Qf2 f6 28. Qh2 Bg4
29. Be2 Kh7 30. Bxg4 hxg4 31. f5 Qe7 32. Bc1 Qg7 33. Bxh6 Qxh6 34. Rxc7+ 1-0

[Event "Nice-Montpellier II"]
[Site "Nice"]
[Date "2007.12.16"]
[Round "4.8"]
[White "Dussol, Pierre"]
[Black "Boursier, Julien"]
[Result "1-0"]
[WhiteElo "2225"]
[BlackElo "2092"]
[PlyCount "76"]
[EventDate "2007.12.16"]

1. e4 e6 2. d3 d5 3. Nd2 Nc6 4. Ngf3 Bc5 5. g3 dxe4 6. dxe4 e5 7. Bg2 Nf6 8.
O-O Bg4 9. h3 Bh5 10. c3 Qd3 11. Re1 Rd8 12. Bf1 Qd7 13. b4 Bxf3 14. Qxf3 Be7
15. Nc4 Qe6 16. Ne3 h5 17. Kg2 Bxb4 18. Bc4 Qc8 19. cxb4 Nd4 20. Qd1 Nxe4 21.
Nd5 Qf5 22. f3 Nd6 23. Qxd4 Qc2+ 24. Kg1 Nxc4 25. Qc5 Rd7 26. Rxe5+ Kd8 27.
Bg5+ f6 28. Ree1 Ne5 29. Qxc2 Nxf3+ 30. Kf1 Nxe1 31. Qf5 Re8 32. Bxf6+ Kc8 33.
Ne7+ Kd8 34. Nc6+ Kc8 35. Nb8 Kxb8 36. Qxd7 Rf8 37. Qxg7 Re8 38. Qd7 Rf8 1-0

[Event "Chamalieres-Echiquier Bordelais"]
[Site "Bordeaux"]
[Date "2007.12.16"]
[Round "4.1"]
[White "Etchegaray, Patrice"]
[Black "Lemeaux, David"]
[Result "1-0"]
[WhiteElo "2368"]
[BlackElo "2227"]
[PlyCount "137"]
[EventDate "2007.12.16"]

1. e4 e5 2. Nf3 Nc6 3. Bc4 Bc5 4. c3 Nf6 5. d3 d6 6. O-O O-O 7. Nbd2 a6 8. Bb3
Ba7 9. h3 Ne7 10. Re1 Ng6 11. Nf1 Qe7 12. Ng3 c6 13. d4 Be6 14. Bc2 Rfe8 15.
Be3 h6 16. Nf5 Qc7 17. Qd2 Bxf5 18. exf5 e4 19. Nh2 Nf8 20. g4 d5 21. Bf4 Qd7
22. Be5 N6h7 23. Kg2 Bb8 24. Bxb8 Raxb8 25. f3 Ng5 26. f4 Ngh7 27. Nf1 Qd6 28.
Qf2 b5 29. Ne3 Nd7 30. Rad1 Nb6 31. b3 a5 32. h4 f6 33. Rh1 Kf7 34. g5 Ke7 35.
Rh3 Kd7 36. c4 bxc4 37. bxc4 dxc4 38. d5 cxd5 39. Qd2 Kc7 40. Qxa5 Kb7 41. Nxd5
Ra8 42. Qb5 Qc6 43. Qxc6+ Kxc6 44. Nc3 Rad8 45. Rxd8 Rxd8 46. Nxe4 Nd5 47. Kf3
Ra8 48. a4 Nb4 49. Rh2 Ra7 50. g6 Nf8 51. Rd2 Nd7 52. Rd6+ Kc7 53. Rd4 Nxc2 54.
Rxc4+ Kd8 55. Rxc2 Rxa4 56. Rd2 Ra3+ 57. Kg2 Ke7 58. Re2 Kf8 59. Nd6 Ra8 60.
Nb5 Nc5 61. Rc2 Rc8 62. Kf3 Ke7 63. Nd4 Rc7 64. Nb3 Na6 65. Rd2 Kf8 66. Nd4 Nc5
67. Ra2 Rc8 68. Ra7 Kg8 69. Ne6 1-0

[Event "Chamalieres-Echiquier Bordelais"]
[Site "Bordeaux"]
[Date "2007.12.16"]
[Round "4.2"]
[White "Passager, Jean Pierre"]
[Black "Sandu, Mihaela"]
[Result "1/2-1/2"]
[WhiteElo "2217"]
[BlackElo "2266"]
[PlyCount "41"]
[EventDate "2007.12.16"]

1. d4 Nf6 2. c4 g6 3. Nc3 Bg7 4. g3 d6 5. Bg2 O-O 6. Nf3 Nbd7 7. O-O e5 8. e4
exd4 9. Nxd4 Nc5 10. b4 Ne6 11. Nb3 a5 12. Nxa5 Nxe4 13. Bxe4 Bxc3 14. Rb1 Qf6
15. a3 c6 16. Rb3 Rd8 17. Qf3 Qxf3 18. Bxf3 Bg7 19. Be3 h6 20. Rd1 Ng5 21. Be2
1/2-1/2

[Event "Chamalieres-Echiquier Bordelais"]
[Site "Bordeaux"]
[Date "2007.12.16"]
[Round "4.3"]
[White "Blanc, Sebastien"]
[Black "Daumens, Michel"]
[Result "1/2-1/2"]
[WhiteElo "2137"]
[BlackElo "2205"]
[PlyCount "30"]
[EventDate "2007.12.16"]

1. d4 Nf6 2. Nf3 e6 3. c4 b6 4. g3 Bb4+ 5. Bd2 Be7 6. Bg2 Bb7 7. O-O O-O 8. Bc3
Ne4 9. Qc2 Nxc3 10. Qxc3 f5 11. b4 c5 12. bxc5 bxc5 13. Qb3 Qc8 14. e3 d6 15.
Nbd2 Nd7 1/2-1/2

[Event "Chamalieres-Echiquier Bordelais"]
[Site "Bordeaux"]
[Date "2007.12.16"]
[Round "4.4"]
[White "Lagunes, Jean Renaud"]
[Black "Gorce, Guillaume"]
[Result "1-0"]
[WhiteElo "2078"]
[BlackElo "1980"]
[PlyCount "41"]
[EventDate "2007.12.16"]

1. e4 c5 2. Nf3 g6 3. d4 cxd4 4. Qxd4 Nf6 5. Bb5 Nc6 6. Bxc6 bxc6 7. c4 Qb6 8.
c5 Qa5+ 9. Bd2 Qb5 10. Na3 Qb8 11. e5 Nd5 12. e6 f6 13. exd7+ Bxd7 14. O-O-O e5
15. Rhe1 Be7 16. Nxe5 fxe5 17. Rxe5 Kf7 18. Rxe7+ Kxe7 19. Qg7+ Ke6 20. Re1+
Kf5 21. Qxd7+ 1-0

[Event "Chamalieres-Echiquier Bordelais"]
[Site "Bordeaux"]
[Date "2007.12.16"]
[Round "4.5"]
[White "Mazel, Jacky"]
[Black "Labeyrie, Vincent"]
[Result "0-1"]
[WhiteElo "1884"]
[BlackElo "2080"]
[PlyCount "52"]
[EventDate "2007.12.16"]

1. e4 c5 2. Nc3 Nc6 3. g3 g6 4. Bg2 Bg7 5. d3 e6 6. Be3 b6 7. Nge2 Nge7 8. O-O
O-O 9. Qd2 Nd4 10. e5 Nxe2+ 11. Qxe2 Rb8 12. Bf4 Nc6 13. Nb5 Bb7 14. Qe3 Ne7
15. Bxb7 Rxb7 16. Nd6 Rb8 17. c3 Nd5 18. Qd2 Nxf4 19. gxf4 f6 20. d4 fxe5 21.
fxe5 Qh4 22. Qe3 cxd4 23. Qxd4 Qg5+ 24. Kh1 Bxe5 25. f4 Rxf4 26. Rxf4 Bxd4 0-1

[Event "Chamalieres-Echiquier Bordelais"]
[Site "Bordeaux"]
[Date "2007.12.16"]
[Round "4.6"]
[White "Galloux, Maxime"]
[Black "Ohresser, Olivier"]
[Result "1-0"]
[WhiteElo "2063"]
[BlackElo "1920"]
[PlyCount "77"]
[EventDate "2007.12.16"]

1. e4 Nf6 2. e5 Nd5 3. d4 d6 4. c4 Nb6 5. exd6 cxd6 6. Nc3 g6 7. Be3 Bg7 8. Rc1
Nc6 9. b3 O-O 10. d5 Ne5 11. Be2 a5 12. f4 Ned7 13. Nf3 Nf6 14. Nd4 e6 15. dxe6
Bxe6 16. Ndb5 d5 17. c5 Nc8 18. Bf3 Ne7 19. O-O Qd7 20. h3 h5 21. Qe2 Rfd8 22.
Na4 Nc8 23. Rfd1 Ne8 24. Rd2 Ra6 25. Rcd1 Ne7 26. Bf2 Qc8 27. Bh4 Bf6 28. Bf2
Qc6 29. Nd4 Bxd4 30. Bxd4 Nf5 31. Bf2 Nf6 32. g4 hxg4 33. hxg4 Ne7 34. Bd4 Ne4
35. Qh2 Kf8 36. Bxe4 dxe4 37. Qh8+ Ng8 38. Bg7+ Ke7 39. Rxd8 1-0

[Event "Chamalieres-Echiquier Bordelais"]
[Site "Bordeaux"]
[Date "2007.12.16"]
[Round "4.7"]
[White "Valente, Alexandre"]
[Black "Alarcon, Eric"]
[Result "0-1"]
[WhiteElo "1770"]
[BlackElo "1959"]
[PlyCount "74"]
[EventDate "2007.12.16"]

1. e4 c5 2. Nf3 Nc6 3. d4 cxd4 4. Nxd4 Nf6 5. Nc3 e5 6. Ndb5 d6 7. Bg5 a6 8.
Na3 b5 9. Nd5 Be7 10. Bxf6 Bxf6 11. Be2 O-O 12. O-O Bg5 13. c3 Be6 14. Nc2 Rb8
15. Ncb4 Nxb4 16. Nxb4 Qb6 17. Kh1 a5 18. Nd5 Qb7 19. Qd3 Bxd5 20. Qxd5 Qxd5
21. exd5 f5 22. f3 Be3 23. Bd3 g6 24. Rfb1 Rfc8 25. a4 b4 26. cxb4 Rxb4 27. b3
Bd4 28. Ra2 Rc3 29. Bc2 Bc5 30. h3 Rd4 31. Rd1 Rxc2 32. Rxc2 Rxd1+ 33. Kh2 f4
34. g3 fxg3+ 35. Kxg3 Rxd5 36. f4 exf4+ 37. Kxf4 Rd3 0-1

[Event "Chamalieres-Echiquier Bordelais"]
[Site "Bordeaux"]
[Date "2007.12.16"]
[Round "4.8"]
[White "Soissong, Elzbieta"]
[Black "Dieuleveut, Floriane"]
[Result "1-0"]
[WhiteElo "1540"]
[BlackElo "1460"]
[PlyCount "75"]
[EventDate "2007.12.16"]

1. d4 Nf6 2. e3 g6 3. Bd3 Bg7 4. f4 O-O 5. Nf3 d6 6. c3 Nc6 7. O-O e5 8. fxe5
dxe5 9. Nbd2 Re8 10. Qc2 Ng4 11. Ne4 f5 12. Nf2 Nxf2 13. Qxf2 e4 14. Bc4+ Be6
15. Nd2 Bxc4 16. Nxc4 b5 17. Nd2 b4 18. Qe2 Qd5 19. c4 Qa5 20. Nb3 Qa6 21. Nc5
Qb6 22. Na4 Qa6 23. b3 Nxd4 24. exd4 Bxd4+ 25. Be3 Bxa1 26. Rxa1 Rad8 27. Qc2
Qf6 28. Nb2 Qc3 29. Qe2 Rd3 30. Bg5 Re6 31. Re1 Qd4+ 32. Kh1 Rc3 33. Rd1 Qe5
34. Rd5 e3 35. Rxe5 Rc1+ 36. Nd1 Rd6 37. Rd5 Re6 38. g3 1-0

[Event "L'Isle sur la Sorgue-Montpellier Diagon"]
[Site "L'Isle sur la Sorgue"]
[Date "2007.12.16"]
[Round "4.1"]
[White "Dimitrov, Christo"]
[Black "Rodriguez, Amador"]
[Result "0-1"]
[WhiteElo "2269"]
[BlackElo "2481"]
[PlyCount "80"]
[EventDate "2007.12.16"]

1. e4 e5 2. Bc4 Nf6 3. d3 Bc5 4. Nf3 d6 5. c3 O-O 6. O-O Bb6 7. Bb3 Nbd7 8.
Nbd2 c6 9. Nc4 Bc7 10. Re1 Re8 11. Ne3 Nc5 12. Bc2 a5 13. h3 d5 14. exd5 cxd5
15. d4 exd4 16. Nxd4 Qd6 17. Nf1 Bd7 18. Rxe8+ Rxe8 19. Be3 Nfe4 20. Qf3 g6 21.
Rd1 Qe7 22. Nb3 Bc6 23. Nd4 Nd7 24. Bf4 Ne5 25. Bxe5 Qxe5 26. Qe3 Qf6 27. Qf3
Qg5 28. Qg4 Qf6 29. Qf3 Qe7 30. Qe3 Qf6 31. Qf3 Qe7 32. Bb3 Qc5 33. Ne3 Qd6 34.
Kf1 a4 35. Bc2 a3 36. b4 Qe5 37. Qg3 Bb6 38. Bb3 Rc8 39. Rd3 Nxc3 40. Rxc3 Bxd4
0-1